[Event "FRA-chT3"]
[Site "France"]
[Date "2012.02.05"]
[Round "5"]
[White "Barnier, Christophe"]
[Black "Motin, Jean Charles"]
[Result "1-0"]
[WhiteElo "1863"]
[BlackElo "1613"]
[PlyCount "59"]
[EventDate "2012.01.20"]
[EventType "team-match"]
[EventRounds "9"]
[EventCountry "FRA"]
[SourceTitle "EXT 2014"]
[Source "ChessBase"]
[SourceDate "2013.11.20"]
[SourceVersion "1"]
[SourceVersionDate "2013.11.20"]
[SourceQuality "1"]

1. d4 d5 2. Nf3 Nf6 3. Bf4 Nc6 4. e3 Bg4 5. h3 Bh5 6. c3 e6 7. Nbd2 Ne4 8. g4 Nxd2 9. Qxd2 Bg6 10. Bd3 Bxd3 11. Qxd3 Bd6 12. Bxd6 Qxd6 13. 0-0 0-0 14. Ng5 f5 15. f4 h6 16. Nf3 Qe7 17. Kh2 Rf7 18. Ne5 Nxe5 19. dxe5 Qh4 20. Rg1 Raf8 21. g5 h5 22. g6 Rd7 23. Qe2 Re8 24. Rg5 c6 25. Rxh5 Qd8 26. Rh7 Qb6 27. Qh5 Qxb2+ 28. Kg3 Kf8 29. Qh4 Qxa1 30. Rh8# 1-0

[Event "FRA-chT4 1011"]
[Site "Champagne Ardennes"]
[Date "2011.02.06"]
[Round "5"]
[White "Digot, Jeremy"]
[Black "Motin, Jean Charles"]
[Result "0-1"]
[WhiteElo "1740"]
[BlackElo "1510"]
[PlyCount "58"]
[EventDate "2010.10.10"]
[EventType "team-tourn"]
[EventRounds "7"]
[EventCountry "FRA"]
[SourceTitle "EXT 2024"]
[Source "ChessBase"]
[SourceDate "2023.10.10"]
[SourceVersion "1"]
[SourceVersionDate "2023.10.10"]
[SourceQuality "1"]

1. d4 d5 2. c4 e6 3. Nf3 Nc6 4. Nc3 Nf6 5. Bg5 Be7 6. e3 b6 7. cxd5 Nxd5 8. Bb5 Bd7 9. Nxd5 exd5 10. Bxe7 Qxe7 11. 0-0 0-0 12. Rc1 Qd6 13. Bxc6 Bxc6 14. Qc2 Bb5 15. Rfe1 Rac8 16. Qb3 a6 17. a4 Bd7 18. Ne5 Rfe8 19. e4 Be6 20. Rc6 Qd8 21. Qc2 dxe4 22. Rxe6 Rxe6 23. Rxe4 Qe8 24. f4 g6 25. Qc4 Kg7 26. d5 Re7 27. Rd4 f6 28. Ng4 h5 29. Nxf6 Re1+ 0-1